书目信息 |
| 题名: |
新概念共同课和声学教程
|
|
| 作者: | 赵德义 , 钱仁平, , 丁冰 编著 | |
| 分册: | ||
| 出版信息: | 长沙 湖南文艺出版社 2020.9 |
|
| 页数: | 288页 | |
| 开本: | 30cm | |
| 丛书名: | 音乐院系作曲技术理论共同课系列教程 | |
| 单 册: | ||
| 中图分类: | J614.1 | |
| 科图分类: | ||
| 主题词: | 和声学--高等学校--教材 | |
| 电子资源: | ||
| ISBN: | 978-7-5404-4363-4 | |
| 000 | 01093nam 2200289 45 | |
| 001 | 012001000818 | |
| 005 | 20130909161648.0 | |
| 010 | @a978-7-5404-4363-4@dCNY39.80 | |
| 099 | @aCAL 012009171085 | |
| 100 | @a20091124d2009 em y0chiy0110 ea | |
| 101 | 0 | @achi |
| 102 | @aCN@b430000 | |
| 105 | @ag z 000yy | |
| 106 | @ar | |
| 200 | 1 | @a新概念共同课和声学教程@AXin Gai Nian Gong Tong Ke He Sheng Xue Jiao Cheng@f赵德义, 钱仁平, 丁冰编著 |
| 210 | @a长沙@c湖南文艺出版社@d2020.9 | |
| 215 | @a288页@c乐谱@d30cm | |
| 225 | 2 | @a音乐院系作曲技术理论共同课系列教程@AYin Yue Yuan Xi Zuo Qu Ji Shu Li Lun Gong Tong Ke Xi Lie Jiao Cheng |
| 330 | @a本书主要内容有:主和弦与属七和弦、主和弦与属七和弦的连接、正三和弦、终止式与终止四六和弦、大调副三和弦等。 | |
| 461 | 0 | @12001 @a音乐院系作曲技术理论共同课系列教程 |
| 606 | 0 | @a和声学@x高等学校@j教材 |
| 690 | @aJ614.1@v5 | |
| 701 | 0 | @a赵德义@AZhao Deyi@c(音乐),@f1941-@4编著 |
| 701 | 0 | @a钱仁平,@AQian Renping@f1967-@4编著 |
| 701 | 0 | @a丁冰@ADing Bing@4编著 |
| 801 | @aCN@b江苏凤凰@c20211018 | |
| 905 | @b1341158-61@dJ614.1@e1276@f4 | |
| 新概念共同课和声学教程/赵德义, 钱仁平, 丁冰编著.-长沙:湖南文艺出版社,2020.9 |
| 288页:乐谱;30cm.-(音乐院系作曲技术理论共同课系列教程) |
| ISBN 978-7-5404-4363-4:CNY39.80 |
| 本书主要内容有:主和弦与属七和弦、主和弦与属七和弦的连接、正三和弦、终止式与终止四六和弦、大调副三和弦等。 |
| ● |
| 相关链接 |
|
|
|
|
正题名:新概念共同课和声学教程
索取号:J614.1/1276
 
预约/预借
| 序号 | 登录号 | 条形码 | 馆藏地/架位号 | 状态 | 备注 |
| 1 | 1341158 | 213411583 | 第一样本阅览室/ [索取号:J614.1/1276] | 在馆 | |
| 2 | 1341159 | 213411592 | 第一借阅区/ [索取号:J614.1/1276] | 在馆 | |
| 3 | 1341160 | 213411609 | 第一借阅区/ [索取号:J614.1/1276] | 在馆 | |
| 4 | 1341161 | 213411618 | 第一借阅区/ [索取号:J614.1/1276] | 在馆 |